Ricostruisci la Carriera del Calciatore - Gabriel Strefezza - Statistics

Statistiche generali
  • Questo quiz è stato fatto 6 volte
  • Il punteggio medio è 2 su 6
Statistiche sulle risposte
Hint Risposta % Corretto
2024- Como
75%
2021-2024 Lecce
50%
2018-2019 Cremonese
25%
2017-2018 Juve Stabia
25%
2016-2017 SPAL
25%
2019-2021 SPAL
25%
Nessun quiz corrispondente trovato
Distribuzione punteggi
Percentuale di utenti per punteggio
Percentile per numero di risposta
I tuoi punteggi nel tempo
Non hai fatto questo quiz